000 00616nam a2200193 4500
001 109301
003 ES-MaACL
005 20240228063033.0
007 t|
008 061121s1973 sp r ||||1| spa d
100 0 _aMishima, Yukio,
_d1925-1970
_981651
245 1 0 _aSeis piezas no /
_cYukio Mishima; traducción de: Vicente Ribera Cueto; traducción de Dojoji: Masal Yamamoto.
250 _a1ª ed.
260 _aBarcelona :
_bSeix Barral,
_c1973.
300 _a165 p. ;
_c20 cm.
700 1 _aRibera Cueto, Vicente.
_996789
852 _aES-MaACL
_jC-53019
_bR.85558
999 _c109301
_d109301